00720nam a2200229 i 4500001001000000003000900010005001700019007000300036008004100039040003000080041000800110082001900118100003900137245006000176264003600236300002800272336002700300337003300327338002800360500006300388504003900451000021870DO-SdBNP20250912143136.0ta100914s1989 dr 000 0 spa d aDO-SdBNPbspacBNPHUerda aspa 4axxxbP438a2221 aPérez, Luis Julian,eautor4aut.10aSanto Domingo frente al destino /cLuis Julian Pérez. 4aSanto Domingo :bTaller,c1989. a279 páginas ;c24 cm. atextobtxt2rdacontent asin mediaciónbn2rdamedia avolumenbnc2rdacarrier aIncluye datos biográficos del autor en la contracubierta aBibliografía : páginas 277-279